[Event "57.SMM Brixen/Milland-Kaltern/Tramin"]
[Site "?"]
[Date "2026.02.21"]
[Round "8.1"]
[White "Bertagnolli, Alexander"]
[Black "Brenninger, Daniel"]
[Result "1/2-1/2"]
[WhiteElo "2335"]
[BlackElo "2092"]
[PlyCount "32"]
[EventDate "2026.??.??"]
[SourceVersionDate "2026.02.21"]

1. d4 Nf6 2. Bg5 d5 3. e3 Ne4 4. Bf4 c6 5. Bd3 Nf6 6. Nd2 Bg4 7. f3 Bh5 8. Ne2 e6 9. O-O Bd6 10. c4 O-O 11. Qb3 b6 12. Rac1 Bg6 13. Bxd6 Qxd6 14. e4 dxe4 15. fxe4 Nbd7 16. Qc3 e5 1/2-1/2

[Event "57.SMM Brixen/Milland-Kaltern/Tramin"]
[Site "?"]
[Date "2026.02.21"]
[Round "8.2"]
[White "Sader, Michael"]
[Black "Lezzerini, Marco"]
[Result "1/2-1/2"]
[WhiteElo "2039"]
[BlackElo "2071"]
[PlyCount "34"]
[EventDate "2026.??.??"]
[SourceVersionDate "2026.02.21"]

1. c4 c5 2. Nf3 Nc6 3. d4 cxd4 4. Nxd4 e5 5. Nc2 Bc5 6. Nc3 Nf6 7. Be3 Bxe3 8. Nxe3 O-O 9. g3 a6 10. Bg2 d6 11. Qd2 Be6 12. O-O Ne8 13. Ned5 f5 14. f4 e4 15. Rfd1 Rc8 16. b3 Ne7 17. Ne3 h5 1/2-1/2

[Event "57.SMM Brixen/Milland-Kaltern/Tramin"]
[Site "?"]
[Date "2026.02.21"]
[Round "8.3"]
[White "Zucchelli, Massimo"]
[Black "Paulmichl, Martin"]
[Result "1/2-1/2"]
[WhiteElo "2071"]
[BlackElo "1943"]
[PlyCount "28"]
[EventDate "2026.??.??"]
[SourceVersionDate "2026.02.21"]

1. d4 f5 2. g3 Nf6 3. Bg2 e6 4. Nd2 c5 5. Ngf3 cxd4 6. Nxd4 Bc5 7. e3 d5 8. N4b3 Bb6 9. O-O O-O 10. c4 Qe7 11. cxd5 exd5 12. Nf3 Nc6 13. Bd2 Ne4 14. Rc1 Be6 1/2-1/2

[Event "57.SMM Brixen/Milland-Kaltern/Tramin"]
[Site "?"]
[Date "2026.02.21"]
[Round "8.4"]
[White "Zuna, Lavdosh"]
[Black "Panjkovic, Alexksandar"]
[Result "1/2-1/2"]
[WhiteElo "1937"]
[BlackElo "2057"]
[PlyCount "50"]
[EventDate "2026.??.??"]
[SourceVersionDate "2026.02.21"]

1. d4 c5 2. e3 Nf6 3. Nf3 b6 4. c4 g6 5. Nc3 Bg7 6. Be2 d6 7. O-O O-O 8. e4 Bg4 9. h3 cxd4 10. Nxd4 Bxe2 11. Ndxe2 Nc6 12. Bg5 h6 13. Bxf6 Bxf6 14. Rc1 Rc8 15. b3 Bg7 16. Qd2 Qd7 17. Nd5 Kh7 18. Ne3 Qe6 19. Qd5 Nb4 20. Qxe6 fxe6 21. a4 Nd3 22. Rb1 a5 23. f3 g5 24. Rfd1 Nc5 25. Nd4 h5 1/2-1/2

[Event "57.SMM Brixen/Milland-Kaltern/Tramin"]
[Site "?"]
[Date "2026.02.21"]
[Round "8.5"]
[White "Maier, Fridolin"]
[Black "Wisthaler, Lukas"]
[Result "1-0"]
[WhiteElo "1905"]
[BlackElo "1907"]
[PlyCount "51"]
[EventDate "2026.??.??"]
[SourceVersionDate "2026.02.21"]

1. e4 c5 2. Nc3 e6 3. f4 d5 4. Bb5+ Nc6 5. Bxc6+ bxc6 6. d3 d4 7. Na4 Nf6 8. b3 Be7 9. Nf3 O-O 10. O-O Qc7 11. e5 Nd5 12. Qe1 Bd7 13. g3 Nb6 14. Qa5 Nd5 15. Qxc7 Nxc7 16. Nd2 Rab8 17. Ne4 Na6 18. c4 Bc8 19. Rf2 f5 20. exf6 gxf6 21. Ba3 e5 22. f5 Kf7 23. Naxc5 Nxc5 24. Bxc5 Bxc5 25. Nxc5 Ke7 26. a3 1-0

[Event "57.SMM Brixen/Milland-Kaltern/Tramin"]
[Site "?"]
[Date "2026.02.21"]
[Round "8.6"]
[White "Kofler, Oswald"]
[Black "Thaler, Elmar"]
[Result "1-0"]
[WhiteElo "1861"]
[BlackElo "1869"]
[PlyCount "29"]
[EventDate "2026.??.??"]
[SourceVersionDate "2026.02.21"]

1. e4 c6 2. f4 d5 3. exd5 cxd5 4. Nf3 Nf6 5. d4 Bf5 6. c3 Nbd7 7. Bd3 Bxd3 8. Qxd3 e6 9. O-O Bd6 10. Ne5 Ne4 11. Nd2 Ndf6 12. Qb5+ Nd7 13. Nxe4 dxe4 14. Qxb7 f5 15. Nxd7 1-0

[Event "57.SMM J.Richter/Lask BZ-ASD Arci BZ 2"]
[Site "Pfarrhof"]
[Date "2026.02.21"]
[Round "8.1"]
[White "Bodrov, Timofey"]
[Black "Unterweger, Jonas"]
[Result "1-0"]
[WhiteElo "2110"]
[BlackElo "2037"]
[PlyCount "73"]
[EventDate "2026.02.21"]

{[%evp 0,73,16,18,51,46,84,47,42,33,26,26,60,28,28,-12,25,19,19,18,19,10,31,31,42,36,47,50,41,38,48,37,59,43,56,50,63,62,129,87,74,65,129,55,55,52,55,43,80,81,75,107,73,115,119,81,73,90,174,196,209,209,217,172,409,550,548,548,570,572,610,622,612,644,641,650]} 1. e4 c5 2. Nf3 d6 3. d4 cxd4 4. Nxd4 Nf6 5. Nc3 a6 6. h3 e5 7. Nde2 h5 8. g3 Be7 9. Bg2 Be6 10. a4 Nbd7 11. O-O O-O 12. Be3 Rc8 13. a5 Nc5 14. Qd2 Bc4 15. Rfd1 Qd7 16. Nc1 Qc7 17. N1a2 Rb8 18. Bg5 Ne8 19. h4 Bxg5 20. hxg5 b6 21. Nb4 bxa5 22. Nbd5 Qd8 23. b3 Bxb3 24. cxb3 Nxb3 25. Qe3 Nxa1 26. Rxa1 Rb3 27. Bf1 Nc7 28. Bc4 Nxd5 29. Bxd5 Rb2 30. g6 Kh8 31. Bxf7 Rb4 32. Qf3 Qg5 33. Kg2 Qxg6 34. Bxg6 Rxf3 35. Kxf3 Rb3 36. Rc1 a4 37. Kg2 1-0

[Event "57.SMM J.Richter/Lask BZ-ASD Arci BZ 2"]
[Site "Pfarrhof"]
[Date "2026.02.21"]
[Round "8.3"]
[White "Perli, Tommaso"]
[Black "Mumelter, Erwin"]
[Result "1-0"]
[WhiteElo "1958"]
[BlackElo "1744"]
[PlyCount "39"]
[EventDate "2026.02.21"]

{[%evp 0,39,18,14,30,0,20,15,24,17,21,0,48,19,-4,-6,66,81,122,96,96,75,105,149,142,143,167,168,185,171,209,243,487,479,476,483,486,490,521,475,595,613]} 1. Nf3 Nf6 2. c4 d6 3. g3 Nc6 4. Nc3 e5 5. Bg2 Be6 6. O-O Bxc4 7. d4 e4 8. Nd2 d5 9. Nxc4 dxc4 10. e3 Qd7 11. Nxe4 Nxe4 12. Bxe4 f5 13. Bg2 O-O-O 14. Qc2 b5 15. Bd2 Bb4 16. Bxc6 Qxc6 17. Qxf5+ Kb7 18. Bxb4 g6 19. Qc5 Qd7 20. a4 1-0

[Event "57.SMM J.Richter/Lask BZ-ASD Arci BZ 2"]
[Site "Pfarrhof"]
[Date "2026.02.21"]
[Round "8.4"]
[White "Unterweger, Christian"]
[Black "Terletskyi, Oleh Mycola"]
[Result "0-1"]
[WhiteElo "1794"]
[BlackElo "1913"]
[PlyCount "50"]
[EventDate "2026.02.21"]

{[%evp 0,50,30,30,66,22,14,22,32,32,33,55,46,43,54,60,54,31,15,15,22,18,38,32,31,23,23,13,37,21,21,17,39,11,19,-30,-67,-42,-40,-68,-51,-242,-123,-178,-191,-222,-279,-501,-406,-478,-446,-1569,-2154]} 1. d4 d6 2. c4 Nf6 3. Nc3 g6 4. Nf3 Bg7 5. e4 O-O 6. Be2 Na6 7. O-O e5 8. d5 Nc5 9. Qc2 a5 10. Be3 Ng4 11. Bxc5 dxc5 12. Qd1 f5 13. Nd2 Bh6 14. h3 Nf6 15. Bd3 Nh5 16. exf5 Nf4 17. Nde4 gxf5 18. Ng3 Ra6 19. Nce2 Rg6 20. Kh2 Qh4 21. Ng1 e4 22. Be2 Nxg2 23. Bh5 Rg7 24. Kxg2 f4 25. Kh2 fxg3+ 0-1

[Event "57.SMM J.Richter/Lask BZ-ASD Arci BZ 2"]
[Site "Pfarrhof"]
[Date "2026.02.21"]
[Round "8.5"]
[White "Addante, Francesco"]
[Black "Di Lazzaro, Gabriele"]
[Result "1-0"]
[WhiteElo "1874"]
[BlackElo "1866"]
[PlyCount "107"]
[EventDate "2026.02.21"]

{[%evp 0,107,30,30,77,56,73,58,54,47,48,33,33,28,33,38,38,12,28,10,2,17,37,36,72,49,63,50,51,47,72,31,28,9,41,31,35,40,24,37,64,58,48,24,31,23,85,48,28,22,98,114,118,66,48,36,84,92,98,98,91,91,175,177,185,172,160,159,153,151,151,137,151,146,149,133,140,125,154,161,178,161,211,209,608,736,888,980,848,1014,1016,1260,1436,1834,1944,64,64,64,1015,1002,1032,1032,1032,1460,1032,29966,29971,29972,29973,29974]} 1. Nf3 d6 2. d4 Nd7 3. g3 e5 4. dxe5 dxe5 5. Bg2 Ngf6 6. O-O Be7 7. c4 O-O 8. Nc3 c6 9. b3 Qc7 10. Qc2 Rb8 11. Bb2 Re8 12. Rac1 Bf8 13. e4 h6 14. Rfd1 Nc5 15. h3 a5 16. a3 Ncd7 17. Ne1 b6 18. Nd3 Ba6 19. Na4 b5 20. cxb5 Bxb5 21. Nac5 Bxd3 22. Nxd3 c5 23. b4 axb4 24. axb4 Rec8 25. bxc5 Bxc5 26. Nxc5 Nxc5 27. Ba3 Ne6 28. Qxc7 Rxc7 29. Rxc7 Nxc7 30. Bd6 Rb7 31. Bxe5 Ne6 32. Bxf6 gxf6 33. e5 Rb5 34. exf6 Rf5 35. Rd6 Rxf6 36. Bd5 Kg7 37. Bxe6 fxe6 38. Kg2 h5 39. Rc6 Kf7 40. Rc5 Kg6 41. h4 Rf5 42. Rxf5 Kxf5 43. Kf3 e5 44. Ke3 Kf6 45. Ke4 Ke6 46. f3 Kf6 47. Kd5 Kf5 48. Kd6 e4 49. fxe4+ Kxe4 50. Ke6 Kf3 51. Kf5 Kxg3 52. Kg5 Kf3 53. Kxh5 Kf4 54. Kg6 1-0

[Event "57.SMM J.Richter/Lask BZ-ASD Arci BZ 2"]
[Site "Pfarrhof"]
[Date "2026.02.21"]
[Round "8.6"]
[White "Narduzzo, Marco"]
[Black "Mantuano, Nathan"]
[Result "1/2-1/2"]
[WhiteElo "1496"]
[BlackElo "1650"]
[PlyCount "102"]
[EventDate "2026.02.21"]

{[%evp 0,102,30,9,78,74,62,63,64,46,63,23,17,-5,-5,-12,-12,-16,-9,-9,-9,-53,13,-37,-31,-48,-24,-38,-35,-42,-42,-52,-18,-28,0,20,23,24,30,-38,-36,-56,-76,-33,-29,-66,-31,-106,-63,-61,-39,-90,-44,-19,-20,-15,-10,-35,60,85,75,83,65,71,71,71,133,158,143,145,289,289,294,293,295,338,350,255,259,242,242,229,249,242,263,231,279,215,217,228,335,188,223,184,184,167,164,164,103,94,108,108,119,19,18]} 1. e4 c6 2. d4 d5 3. exd5 cxd5 4. Nf3 Nc6 5. c3 e6 6. Be2 Bd6 7. O-O Nge7 8. Nbd2 O-O 9. Bd3 f6 10. Qc2 Nf5 11. Bxf5 exf5 12. Qb3 Bc7 13. Re1 Qd6 14. h3 g5 15. Nf1 h5 16. h4 g4 17. N3h2 f4 18. g3 fxg3 19. fxg3 Qd7 20. Qc2 Qf5 21. Qxf5 Bxf5 22. Kf2 Bd3 23. Ne3 Rae8 24. Bd2 Be4 25. Rac1 f5 26. Ng2 Bxg2 27. Kxg2 Re4 28. Nf1 f4 29. Rxe4 dxe4 30. gxf4 Bxf4 31. Bxf4 Rxf4 32. Ng3 e3 33. Rf1 e2 34. Nxe2 Re4 35. Ng3 Re3 36. Nxh5 Rh3 37. Nf6+ Kg7 38. Nxg4 Rxh4 39. Kg3 Rh5 40. Re1 Rb5 41. Re2 a5 42. Ne5 Kf6 43. Nxc6 bxc6 44. b3 a4 45. bxa4 Ra5 46. Rc2 Rxa4 47. Kf4 Ke6 48. Ke3 c5 49. c4 cxd4+ 50. Kxd4 Kd6 51. Kc3 Kc5 1/2-1/2

[Event "57.SMM Gröden-Deutschnofen/Alpengourmet"]
[Site "?"]
[Date "2026.02.21"]
[Round "8.1"]
[White "Dappiano, Andrea"]
[Black "Casadio, Niccolò"]
[Result "1-0"]
[WhiteElo "2292"]
[BlackElo "2240"]
[PlyCount "65"]
[SourceVersionDate "2026.02.22"]

1. e4 c5 2. Nf3 d6 3. Bb5+ Nd7 4. O-O a6 5. Bd3 Ngf6 6. c3 e5 7. a4 b6 8. Re1 Be7 9. Bc4 Bb7 10. d3 O-O 11. Nbd2 Rb8 12. Nf1 h6 13. Ng3 b5 14. axb5 axb5 15. Bxb5 Bxe4 16. dxe4 Rxb5 17. Nf5 Rb6 18. Nd2 Rc6 19. Ra7 Re8 20. Nc4 Nb6 21. Qb3 Nxc4 22. Qxc4 Rc7 23. Rxc7 Qxc7 24. Bxh6 d5 25. exd5 gxh6 26. Qh4 Nh7 27. Qg3+ Bg5 28. h4 Qd7 29. Nxh6+ Kh8 30. hxg5 Qxd5 31. Rxe5 Qd1+ 32. Kh2 Ra8 33. g6 1-0

[Event "57.SMM Gröden-Deutschnofen/Alpengourmet"]
[Site "?"]
[Date "2026.02.21"]
[Round "8.2"]
[White "Moroder, Stephan"]
[Black "Lain, Luigi"]
[Result "0-1"]
[WhiteElo "2179"]
[BlackElo "2270"]
[PlyCount "52"]
[SourceVersionDate "2026.02.22"]

1. d4 Nf6 2. c4 e6 3. Nc3 Bb4 4. Qc2 c5 5. dxc5 Bxc5 6. Nf3 d5 7. Bg5 d4 8. O-O-O Nc6 9. e3 e5 10. exd4 exd4 11. Ne4 Be7 12. Nxf6+ Bxf6 13. Qe4+ Be6 14. Bxf6 Qxf6 15. Nxd4 O-O 16. Nxe6 Rfe8 17. Rd6 Rxe6 18. Rxe6 fxe6 19. Bd3 g6 20. c5 Rd8 21. Re1 Rd4 22. Qe3 Nb4 23. Be4 Nxa2+ 24. Kb1 Rb4 25. Qd2 Nc3+ 26. Kc2 Rxb2+ 0-1

[Event "57.SMM Gröden-Deutschnofen/Alpengourmet"]
[Site "?"]
[Date "2026.02.21"]
[Round "8.3"]
[White "Micheli, Carlo"]
[Black "Luciani, Valerio"]
[Result "1/2-1/2"]
[WhiteElo "2123"]
[BlackElo "2170"]
[PlyCount "95"]
[SourceVersionDate "2026.02.22"]

1. e4 e6 2. d4 d5 3. Nd2 h6 4. Ngf3 Nf6 5. Bd3 c5 6. e5 Nfd7 7. c3 Nc6 8. O-O a5 9. a4 cxd4 10. cxd4 Nb4 11. Be2 b6 12. Nb1 Ba6 13. Nc3 Bxe2 14. Qxe2 Be7 15. Ne1 O-O 16. f4 f5 17. h3 Rc8 18. g4 g6 19. Bd2 Nb8 20. Rf2 N8c6 21. Nb5 Kh7 22. Rg2 Rg8 23. Ra3 Qf8 24. Nf3 Qf7 25. Nd6 Bxd6 26. exd6 Qd7 27. Re3 Rce8 28. Bxb4 axb4 29. gxf5 exf5 30. Rxe8 Rxe8 31. Ne5 Qxd6 32. Qb5 Re6 33. Qxb6 Nxe5 34. Qxd6 Nf3+ 35. Kf2 Rxd6 36. Kxf3 b3 37. Re2 Ra6 38. Re7+ Kg8 39. Rb7 Rxa4 40. Ke3 Ra1 41. Rxb3 Rh1 42. Kf2 Rh2+ 43. Kg3 Rd2 44. Rb6 Kg7 45. Rb7+ Kf6 46. Rb6+ Kg7 47. Rb7+ Kf6 48. Rb6+ 1/2-1/2

[Event "57.SMM Gröden-Deutschnofen/Alpengourmet"]
[Site "?"]
[Date "2026.02.21"]
[Round "8.4"]
[White "Demetz, Rainer"]
[Black "Thurner, Markus"]
[Result "1-0"]
[WhiteElo "2213"]
[BlackElo "1958"]
[PlyCount "93"]
[EventDate "2026.??.??"]
[SourceVersionDate "2026.02.22"]

{[%evp 0,93,14,14,27,-10,25,32,49,49,39,28,24,32,51,49,37,38,27,34,30,24,20,10,34,34,41,36,59,1,-5,6,0,0,137,90,90,13,123,130,124,122,115,138,169,143,133,137,204,197,222,129,147,123,115,115,114,105,111,102,93,104,111,109,121,116,132,134,171,178,177,184,242,177,179,179,283,240,343,297,359,358,417,248,272,295,418,295,462,361,361,375,566,629,651,677]} 1. d4 d5 2. c4 c6 3. Nf3 g6 4. e3 Bg7 5. Bd3 Nf6 6. O-O O-O 7. Nc3 Bf5 8. b3 Nbd7 9. Bb2 Rc8 10. Re1 Ne4 11. Bxe4 dxe4 12. Nd2 Nf6 13. Qc2 e5 14. Ncxe4 Nxe4 15. Nxe4 Re8 16. Rad1 Rc7 17. f3 Rd7 18. dxe5 Rxd1 19. Rxd1 Qc7 20. g4 Bxe4 21. Qxe4 f6 22. Qd4 fxe5 23. Qd7 Re7 24. Qd8+ Kf7 25. Kf2 Bf6 26. Ba3 Qxd8 27. Rxd8 Rc7 28. Ra8 a6 29. Bd6 Rd7 30. c5 Ke6 31. Ke2 Bd8 32. b4 Kd5 33. Kd3 e4+ 34. fxe4+ Ke6 35. e5 Kd5 36. a4 Ke6 37. Kc4 h5 38. h3 Kf7 39. b5 axb5+ 40. axb5 Ke6 41. e4 cxb5+ 42. Kxb5 Kf7 43. Rb8 Ke6 44. c6 bxc6+ 45. Kxc6 hxg4 46. hxg4 g5 47. Ra8 1-0

[Event "57.SMM Gröden-Deutschnofen/Alpengourmet"]
[Site "?"]
[Date "2026.02.21"]
[Round "8.5"]
[White "Welsch, Ulrich"]
[Black "Moroder, Thomas"]
[Result "1/2-1/2"]
[WhiteElo "1859"]
[BlackElo "2045"]
[PlyCount "85"]
[SourceVersionDate "2026.02.22"]

1. d4 Nf6 2. c4 g6 3. Nc3 d5 4. Bg5 dxc4 5. Bxf6 exf6 6. e3 Bd6 7. Bxc4 c6 8. Nf3 Nd7 9. Nd2 f5 10. O-O O-O 11. Nf3 Nf6 12. Qc2 Qe7 13. Rfe1 Ne4 14. Bd3 Re8 15. a3 Bd7 16. b4 Rac8 17. Qb3 g5 18. g3 Qf6 19. Qc2 Qg6 20. Nd2 Nf6 21. e4 Qh5 22. e5 Ng4 23. Nf1 Bc7 24. Bxf5 Bxf5 25. Qxf5 Nh6 26. Qc2 Re6 27. Ne4 Qg6 28. Rac1 Nf5 29. Qd2 Rd8 30. Qxg5 Nxd4 31. Kg2 Qxg5 32. Nxg5 Rxe5 33. Rxe5 Bxe5 34. Re1 Bg7 35. Re4 Nb5 36. Re3 Bh6 37. f4 Bxg5 38. fxg5 Rd5 39. h4 Nd6 40. Rb3 Nc4 41. Ne3 Nxe3+ 42. Rxe3 Kg7 43. Kf3 1/2-1/2

[Event "57.SMM Gröden-Deutschnofen/Alpengourmet"]
[Site "?"]
[Date "2026.02.21"]
[Round "8.6"]
[White "Bernardi, Ruben"]
[Black "Tonina, Filippo"]
[Result "0-1"]
[WhiteElo "2028"]
[BlackElo "1964"]
[PlyCount "64"]
[SourceVersionDate "2026.02.22"]

1. b3 e5 2. Bb2 d6 3. e3 f5 4. d4 e4 5. d5 Nf6 6. c4 Be7 7. Nc3 O-O 8. Qd2 Nbd7 9. O-O-O a5 10. Nb5 Nc5 11. Nh3 Nfd7 12. Kb1 Bf6 13. Nf4 Ne5 14. h4 Bd7 15. Nd4 Qe7 16. g3 g6 17. Be2 Rfb8 18. h5 a4 19. b4 Ncd3 20. Bxd3 exd3 21. hxg6 hxg6 22. Qc1 a3 23. Ba1 Ra4 24. Bc3 c5 25. Nde6 b5 26. Rh6 Bxe6 27. dxe6 Rxb4+ 28. Bxb4 bxc4 29. Qxa3 Rxb4+ 30. Kc1 Qb7 31. Nxd3 cxd3 32. Kd2 Nc4+ 0-1

[Event "57.SMM Steinegg/Rk-ASD Arci BZ 1"]
[Site "Shredder fur iPad"]
[Date "2026.02.21"]
[Round "8.1"]
[White "Serersin, Francesco"]
[Black "Engl, Stefan"]
[Result "1-0"]
[WhiteElo "2309"]
[BlackElo "2022"]
[PlyCount "101"]
[EventDate "2026.??.??"]

{[%evp 0,101,18,27,31,12,75,57,67,52,45,55,59,54,64,54,39,34,19,19,38,9,7,-1,-9,-13,9,-5,5,-12,-12,-23,11,-17,2,-1,27,25,33,17,42,50,112,119,161,161,159,162,156,163,152,146,166,160,166,157,147,153,172,177,177,204,180,109,127,126,126,131,138,140,141,141,144,143,140,153,188,122,137,142,145,145,145,167,164,168,210,207,207,209,205,204,208,204,215,226,234,237,241,237,241,228,261,275]} 1. Nf3 e6 2. g3 f5 3. Bg2 Nf6 4. O-O Be7 5. d4 d5 6. c4 c6 7. b3 O-O 8. Ba3 Bxa3 9. Nxa3 Qe7 10. Nb1 Nbd7 11. Nbd2 b6 12. Qc2 Ba6 13. Rac1 Rac8 14. Qb2 Ne4 15. b4 Bb7 16. Rc2 b5 17. c5 Nxd2 18. Rxd2 Rce8 19. a4 a6 20. Ra1 e5 21. axb5 e4 22. bxc6 Bxc6 23. Ne5 Nxe5 24. dxe5 Qxe5 25. Qxe5 Rxe5 26. Rxa6 Bb5 27. Ra5 Rb8 28. e3 Bc4 29. Rb2 d4 30. exd4 Rd5 31. Bf1 Rxd4 32. Bxc4+ Rxc4 33. c6 Rxc6 34. Rxf5 Rcb6 35. b5 g6 36. Rc5 Kg7 37. Kf1 Rf8 38. Rc6 Rf6 39. Rxb6 Rxb6 40. Ke2 Kf6 41. Kd2 Ke5 42. Kc3 g5 43. Kc4 Kd6 44. Kd4 Kc7 45. Kxe4 g4 46. Kf4 Rh6 47. b6+ Kb7 48. Kxg4 Rxh2 49. Kf3 Rh6 50. g4 Rg6 51. Kg3 1-0

[Event "57.SMM Steinegg/Rk-ASD Arci BZ 1"]
[Site "Shredder fur iPad"]
[Date "2026.02.21"]
[Round "8.2"]
[White "Schroffenegger, Simon"]
[Black "Perino, Alberto"]
[Result "0-1"]
[WhiteElo "1715"]
[BlackElo "2022"]
[PlyCount "58"]
[EventDate "2026.??.??"]

{[%evp 0,58,28,18,29,31,46,23,34,6,47,24,14,21,11,5,11,17,22,-18,-20,-20,-23,-58,-27,-15,-6,-34,-26,-42,-29,-113,-111,-95,-95,-114,-105,-105,-107,-102,-88,-87,-90,-78,-92,-100,-103,-117,-113,-121,-124,-160,-140,-155,-168,-179,-182,-196,-175,-29995,-29996]} 1. e4 e6 2. d4 d5 3. exd5 exd5 4. Bd3 c5 5. dxc5 Bxc5 6. Nf3 Nf6 7. O-O O-O 8. Nc3 h6 9. Be3 Bxe3 10. fxe3 Nc6 11. a3 Bg4 12. Qd2 Re8 13. Qf2 Bxf3 14. gxf3 d4 15. Ne4 dxe3 16. Qxe3 Nd5 17. Qf2 Nf4 18. Qg3 Nxd3 19. cxd3 Re6 20. Kh1 Rg6 21. Qf2 Qxd3 22. Rad1 Qb5 23. Rg1 Ne5 24. Rxg6 Nxg6 25. b4 b6 26. Qa2 Qf5 27. Rf1 Rd8 28. Qc2 Nh4 29. Qc7 Qxf3+ 0-1

[Event "57.SMM Steinegg/Rk-ASD Arci BZ 1"]
[Site "?"]
[Date "2026.02.21"]
[Round "8.3"]
[White "Zammarchi, Massimo"]
[Black "Resch, Aaron"]
[Result "1-0"]
[WhiteElo "1993"]
[BlackElo "1852"]
[PlyCount "117"]
[EventDate "2026.??.??"]
[SourceVersionDate "2026.02.27"]

{[%evp 0,117,28,17,63,63,55,60,60,57,83,74,97,74,74,64,57,33,35,13,13,13,13,-2,-18,-8,45,27,41,28,20,12,24,-15,-24,-18,-13,-26,-26,-21,-38,-38,-38,-47,-37,-41,-41,10,56,56,78,86,28,28,79,28,28,-76,-46,-54,-62,-54,52,52,138,138,162,152,148,130,280,194,194,192,192,201,201,201,211,207,214,209,196,213,221,226,255,237,253,236,253,212,245,246,280,280,292,242,253,250,262,270,288,294,302,304,326,326,378,372,380,324,419,419,451,489,519,483,722,725]} 1. e4 b6 2. d4 Bb7 3. Nc3 e6 4. a3 Ne7 5. Nf3 d6 6. Bb5+ Nd7 7. O-O g6 8. Bg5 Bg7 9. Qd2 h6 10. Be3 a6 11. Ba4 b5 12. Bb3 Nf6 13. d5 Qd7 14. Rad1 e5 15. h3 Nh5 16. Nh2 f5 17. exf5 gxf5 18. Qe2 Nf6 19. f4 e4 20. Bd4 h5 21. Rf2 Rh7 22. Nf1 O-O-O 23. Ne3 Ng6 24. a4 b4 25. Na2 Ng4 26. hxg4 Bxd4 27. Rxd4 hxg4 28. g3 Rdh8 29. Rg2 Rh1+ 30. Kf2 R8h3 31. Nxf5 Nxf4 32. Qxg4 e3+ 33. Nxe3 Nxg2 34. Nxg2 R3h2 35. Rxb4 Qxg4 36. Rxg4 Rd1 37. Nc3 Rd2+ 38. Ne2 Bxd5 39. Bxd5 Rxd5 40. Rd4 Rc5 41. c3 Kb7 42. g4 Kb6 43. Kg3 Rh1 44. Ngf4 Re5 45. b4 Re1 46. Kf2 Rh1 47. Ng1 Rh2+ 48. Kf3 Ra2 49. a5+ Kc6 50. Ngh3 Rc2 51. Rc4+ Kd7 52. g5 c5 53. Nd3 Rf5+ 54. Kg4 Rf1 55. bxc5 d5 56. Rd4 Rxc3 57. Rxd5+ Kc6 58. Rd8 Kb5 59. g6 1-0

[Event "57.SMM Steinegg/Rk-ASD Arci BZ 1"]
[Site "Shredder fur iPad"]
[Date "2026.02.21"]
[Round "8.4"]
[White "Lantschner, Alexander"]
[Black "Adzic, Ranko"]
[Result "0-1"]
[WhiteElo "1581"]
[BlackElo "1960"]
[PlyCount "66"]
[EventDate "2026.??.??"]

{[%evp 0,66,28,28,41,29,30,32,74,43,46,28,43,43,38,26,-1,-24,-22,-44,-44,-33,-52,-59,-39,-40,-39,-37,-1,-7,13,11,-1,-2,17,-2,81,-14,5,2,0,5,20,0,-7,-24,0,0,0,-120,-94,-138,-140,-169,-159,-385,-362,-475,-496,-520,-581,-552,-597,-1217,-1336,-1654,-1997,-2225,-1849]} 1. e4 e6 2. Nc3 d5 3. d4 Nf6 4. Bg5 Be7 5. e5 Nfd7 6. Bxe7 Qxe7 7. Nf3 a6 8. a3 c5 9. Ne2 Nc6 10. c3 f6 11. exf6 Nxf6 12. Ng3 O-O 13. Bd3 Bd7 14. O-O Qd6 15. Re1 Rae8 16. Ne5 cxd4 17. cxd4 Nxd4 18. Nxd7 Qxd7 19. Bxh7+ Nxh7 20. Qxd4 Rf6 21. Qg4 Qf7 22. Re2 e5 23. Rae1 e4 24. h4 Rf4 25. Qh3 Rf8 26. Rf1 Nf6 27. Rc2 Ng4 28. Nh1 e3 29. f3 d4 30. Rd1 Qb3 31. Rcc1 e2 32. Re1 Qe3+ 33. Nf2 Nxf2 0-1

[Event "57.SMM Steinegg/Rk-ASD Arci BZ 1"]
[Site "Shredder fur iPad"]
[Date "2026.02.21"]
[Round "8.5"]
[White "Reyna Hernandez, Sandor"]
[Black "Schgaguler, Gunther"]
[Result "1-0"]
[WhiteElo "1905"]
[BlackElo "1694"]
[PlyCount "89"]
[EventDate "2026.??.??"]

{[%evp 0,89,17,-2,4,0,35,24,34,45,65,65,63,49,80,49,46,22,43,34,58,43,40,10,32,-2,-5,-5,-9,-9,-11,-3,8,-3,-6,-13,-19,-75,-75,-138,-58,-171,-172,-172,-134,-134,-115,-127,-106,-130,-78,-152,-98,-96,-16,-72,57,-4,12,-33,73,72,66,66,78,73,78,67,90,76,129,85,87,88,141,142,213,132,297,279,277,190,201,247,294,293,537,525,773,967,1648,1648]} 1. c4 e6 2. Nc3 f5 3. g3 Nf6 4. Bg2 Be7 5. Nf3 O-O 6. O-O c6 7. Rb1 d5 8. cxd5 exd5 9. d4 Bd6 10. b4 Qe8 11. e3 Be6 12. Qd3 Nbd7 13. Ng5 Ne4 14. Nxe6 Qxe6 15. Ne2 Rae8 16. f3 Nef6 17. Re1 Nb6 18. Kf2 Nc4 19. Bh3 Ne4+ 20. Kg2 Ng5 21. Ng1 Nxh3 22. Nxh3 Qg6 23. f4 Rf6 24. Qd1 Bc7 25. Qf3 Nd6 26. Nf2 Nf7 27. Bd2 Nh6 28. h3 Nf7 29. Nd3 b6 30. Ne5 Nxe5 31. dxe5 Rfe6 32. a4 h5 33. Kf2 Qh6 34. h4 Bd8 35. Rh1 Qg6 36. b5 Qg4 37. Qg2 Rg6 38. bxc6 Rge6 39. Rbc1 Bc7 40. Rhg1 Kh7 41. Qxd5 Qh3 42. Qd7 Bxe5 43. fxe5 Rxe5 44. c7 f4 45. Qxh3 1-0

[Event "57.SMM Steinegg/Rk-ASD Arci BZ 1"]
[Site "Shredder fur iPad"]
[Date "2026.02.21"]
[Round "8.6"]
[White "Rier, Hartmann"]
[Black "Reggio, Davide"]
[Result "0-1"]
[WhiteElo "1530"]
[BlackElo "1740"]
[PlyCount "90"]
[EventDate "2026.??.??"]

{[%evp 0,90,28,25,44,46,77,56,77,21,29,19,77,67,81,50,71,52,43,29,30,24,35,34,29,8,14,2,3,-12,12,-16,-8,-11,-20,-11,0,-12,-6,-58,-10,-33,0,-31,-32,-28,-28,-51,-32,-30,-34,-49,17,0,13,-83,-24,-111,-99,-97,-78,-125,-102,-93,-91,-208,-217,-208,-205,-197,-191,-191,-191,-239,-239,-377,-449,-467,-498,-1353,-264,-298,-314,-342,-217,-208,-214,-273,-259,-481,-261,-1363,-1244]} 1. e4 d5 2. exd5 Qxd5 3. Nc3 Qa5 4. d3 Nf6 5. Bd2 c6 6. Be2 Bf5 7. Nf3 e6 8. Ne4 Qc7 9. Nxf6+ gxf6 10. c3 Nd7 11. Nh4 Bg6 12. Nxg6 hxg6 13. g3 O-O-O 14. d4 f5 15. Qc2 Bh6 16. f4 Bg7 17. O-O-O Kb8 18. Bf3 Nb6 19. Qb3 Nd5 20. h3 Nf6 21. Be3 Ne4 22. Bxe4 fxe4 23. g4 Rd5 24. g5 Rh4 25. Rdg1 Bf8 26. Rg4 Rh8 27. c4 Rf5 28. c5 Qd7 29. Qc3 Bg7 30. h4 Qd5 31. b3 Rd8 32. h5 gxh5 33. Rxh5 Bxd4 34. Bxd4 Qxd4 35. Qxd4 Rxd4 36. Rh8+ Kc7 37. Rf8 Rxc5+ 38. Kb2 Rd2+ 39. Ka3 Rd7 40. g6 fxg6 41. Rxg6 Re7 42. Kb4 Rd5 43. Rg5 e3 44. Rg2 Rd2 45. Kc3 Rxg2 0-1